[Event "Saarlouis op 7th"]
[Site "Saarlouis"]
[Date "2004.05.22"]
[Round "5"]
[White "Warkentin, Peter"]
[Black "Wittmer, Holger"]
[Result "1/2-1/2"]
[WhiteElo "1587"]
[BlackElo "1000"]
[PlyCount "120"]
[EventDate "2004.05.19"]
[EventType "swiss"]
[EventRounds "7"]
[EventCountry "GER"]
[SourceTitle "EXT 2006"]
[Source "ChessBase"]
[SourceDate "2005.11.24"]
[SourceVersion "1"]
[SourceVersionDate "2005.11.24"]
[SourceQuality "1"]

1. e4 c5 2. Nf3 d6 3. d4 cxd4 4. Qxd4 Nc6 5. Bb5 Bd7 6. Bxc6 Bxc6 7. Nc3 Nf6 8. Bg5 e5 9. Qd3 Be7 10. 0-0-0 Ng4 11. Bxe7 Qxe7 12. Rd2 0-0 13. Rhd1 Rfd8 14. Qc4 Rac8 15. Qb4 h6 16. g3 b6 17. h3 Nf6 18. Nh4 g6 19. f3 Nh5 20. Rxd6 Rxd6 21. Rxd6 Qg5+ 22. f4 Qxg3 23. Qc4 Qxf4+ 24. Kb1 Qxh4 25. Rxg6+ Kh8 26. Rg1 Rg8 27. Rf1 Be8 28. Qd5 f6 29. Qe6 Nf4 30. Qf5 Nxh3 31. Qe6 Nf4 32. Qe7 Qg5 33. a3 Qg7 34. Qd6 h5 35. Nd5 Nxd5 36. exd5 Rf8 37. Qe6 Bb5 38. Rh1 Qg5 39. d6 Re8 40. Qf7 Rd8 41. Rxh5+ Qxh5 42. Qxh5+ Kg7 43. Qg4+ Kf7 44. Qh5+ Ke6 45. Qg4+ Kxd6 46. Qb4+ Kc6 47. Qe7 Rd6 48. Qe8+ Kc5 49. b4+ Kc4 50. Qf7+ Kc3 51. Qb3+ Kd2 52. c4 Bc6 53. Kb2 Rd3 54. Qc2+ Ke3 55. Qb1 Ba4 56. Qe1+ Kd4 57. Qh4+ e4 58. Qxf6+ Ke3 59. c5 Rd2+ 60. Kb1 Rd1+ 1/2-1/2